000 00490nam a2200169Ia 4500
003 GCL
008 140319s9999 xx 000 0 ara d
040 _aGCL /
_cGCL
082 0 4 _a355.3434
_bا ق
100 1 _aالسيد امين شلبى
245 1 0 _aقراءة جديدة للحرب الباردة /
_cالسيد امين شلبى
260 _a[S.N] :
_bدار المعارف ،
_c1983
300 _a166 ص
490 _a
650 0 4 _aالحرب النفسية
942 _2ddc
_cBK
999 _c40729
_d40729